000 00302nam a2200133Ia 4500
041 _aKurdish
082 _a342,024 cut-422 ع
100 _a20260118u\\\\\\\\\\\y0engy0103\\\\ba
245 0 _aدەستوورمان چەترمانە
250 _aچ1
260 _c2005
300 _a63
942 _cBk
999 _c188142
_d188142